Mathematical illustrations : a manual of geometry and PostScript
Αποθηκεύτηκε σε:
| Κύριος συγγραφέας: | |
|---|---|
| Μορφή: | Βιβλίο |
| Γλώσσα: | English |
| Δημοσίευση: |
Cambridge ; New York :
Cambridge University Press,
2005
|
| Θέματα: | |
| Ετικέτες: |
Προσθήκη ετικέτας
Δεν υπάρχουν, Καταχωρήστε ετικέτα πρώτοι!
|
MARC
| LEADER | 00000nam a2200000 i 4500 | ||
|---|---|---|---|
| 001 | 1/80075 | ||
| 008 | 080402s2005 eng d | ||
| 020 | |a 0-521-54788-1 | ||
| 035 | |l 10096123 | ||
| 040 | |a GR-MY-UA |b gre |e aacr | ||
| 041 | 0 | |a eng | |
| 082 | 0 | |a 005.133 |2 (22) | |
| 100 | 1 | |a Casselman, Bill |d 1941- | |
| 245 | 1 | 0 | |a Mathematical illustrations : |b a manual of geometry and PostScript / |c Bill Casselman |
| 260 | |a Cambridge ; New York : |b Cambridge University Press, |c 2005 | ||
| 300 | |a xviii, 318 σ.; |b εικ.; |c 24 εκ. | ||
| 504 | |a Περιέχει βιβλιογραφικές παραπομπές και ευρετήριο | ||
| 650 | 0 | 0 | |a PostScript (Computer program language) |
| 852 | |a INST |b SAMOS |e 20080402 |h 005.133 CAS |p 005300026620 |q 005300026620 |t BK |y 0 | ||
| 901 | |a BIBL3-2008-1 | ||
| 909 | |a Σ |b 142410 | ||
| 922 | |a 3ΕΛΗ |b 200712 |c ΕΠΕΑΕΚ2/ΤΜΗΜΑ ΜΑΘΗΜΑΤΙΚΩΝ |d ΕΛΕΥΘΕΡΟΥΔΑΚΗΣ | ||
| 970 | |a ΡΟΥΣΣΟΥ |b ΚΩΝΣΤΑΝΤΙΝΑ |z 2008/04/02 | ||